00982nam a2200265 4500003000400000005001700004008004100021020001500062040001800077050001600095100002700111245020900138264007500347300001800422336002200440337002400462338002400486650003100510650003300541650003600574650003900610650003500649942001500684999001700699OSt20260530113900.0260508b1976 |||oea|| |||| 001 0 eng d a0823071499 aICIbspacICI aNK1390bD471 aMargolies, John93218010aDesign Review:bIndustrial Design 22nd Annual: Innovation and excellence in American design: consumer products, contract and residential, visualcommunications, equipment and instrumentation, environmental 1bWhitney Library of Design & Watson Gupttill Publicati.c1976aNew York a208 páginas atexto2rdacontent asin medio2rdamedia avolumen2rdacarrier aDiseño industrial915218 aDiseño de productos932181 aDiseño contemporáneo932182 aInnovaciones tecnológicas932183 aDiseño estadounidense932184 2lcccBKn1 c11749d11749